दुबे, अभय कुमार (Record no. 31966)

MARC details
000 -LEADER
fixed length control field 00349nam a22001217a 4500
003 - CONTROL NUMBER IDENTIFIER
control field SGT
082 ## - DEWEY DECIMAL CLASSIFICATION NUMBER
Classification number 97881237661190
Item number 920
100 ## - MAIN ENTRY--PERSONAL NAME
Personal name P11K
245 ## - TITLE STATEMENT
Title दुबे, अभय कुमार
Remainder of title बाल ठाकरे :आज के नेता
260 ## - PUBLICATION, DISTRIBUTION, ETC. (IMPRINT)
Name of publisher, distributor, etc राजकमल प्रकाशन
Year of Publication 1997
300 ## - PAGE DESCRIPTION
No. of Pages 135
942 ## - ADDED ENTRY ELEMENTS (KOHA)
Source of classification or shelving scheme Dewey Decimal Classification
Koha item type Books

No items available.